000 00969cad a22002535a 4500
001 E151835
008 101214s2010 xxk f 100 0 eng d
020 _a9781842196199
035 _a(Sirsi) u151835
041 0 _aeng
100 1 _aGheisari, Masoud
111 2 _aConstruction and Building Research Conference
_cDauphine Universite, Paris
_d2-3 September 2010
245 0 0 _aImprovement of facility management practices
_bsituation awareness approach
_h[electronic resource]
260 _aLondon
_bRICS
_c2010
520 _aA paper presented at the COBRA Conference in Paris on 2-3 September 2010.
590 _aKA
650 2 4 _aCONSTRUCTION AND BUILDING RESEARCH CONFERENCE (COBRA)
651 4 _aInternational
690 _aMANAGEMENT-FACILITIES MANAGEMENT
700 1 _aIrizarry, Javier
700 1 _aHorn, Diana B.
856 4 0 _uhttps://www.rics.org/site/scripts/download_info.aspx?fileID=7783&categoryID=720
_zBroken link - not available
942 _n0
999 _c111660
_d111660